| 000 | 01728nam a22003614i 4500 | ||
|---|---|---|---|
| 999 |
_c64597 _d64597 |
||
| 001 | 29952151 | ||
| 003 | OCoLC | ||
| 005 | 20181005122404.0 | ||
| 008 | 940216s1994 enka b 001 0 eng | ||
| 010 | _a94008300 | ||
| 020 |
_a0310286700 _q(hard) |
||
| 020 |
_a9780310286707 _q(hard) |
||
| 020 | _a0851106528 | ||
| 020 | _a9780851106526 | ||
| 040 |
_aDLC _beng _dUKM _dBTCTA _dYDXCP _dBAKER _dXBE _dBDX _dOCLCO _dOCLCQ _dOCLCF _dOCLCQ _dNZABT _dLLU _cCO-MdFUSB _erda |
||
| 041 | _aspa | ||
| 082 |
_223 _a230 _bG885s |
||
| 100 | 1 |
_aGrudem, Wayne A. _eautor |
|
| 240 | _aTeología sistemática : Una introducción a la doctrina bíblica. | ||
| 245 | 1 | 0 |
_aSystematic theology _b: an introduction to biblical doctrine _c/ Wayne Grudem. |
| 264 | 1 |
_aLeicester, England : _bInterVarsity Press, _c℗1994 |
|
| 264 | 4 | _c©1994 | |
| 300 |
_a1264 páginas : _bilustraciones ; _c24 cm. |
||
| 336 |
_atexto _btxt _2rdacontent. |
||
| 337 |
_asin mediación _bn _2rdamedia. |
||
| 338 |
_avolumen _bnc _2rdacarrier. |
||
| 505 | 0 | _aLa doctrina de la Palabra de Dios -- La doctrina de Dios -- La doctrina del hombre -- La doctrina de Cristo y el Espíritu Santo -- La doctrina de la aplicación de la redención -- La doctrina de la iglesia -- La doctrina de El futuro -- Apéndices: Confesiones históricas de la fe -- Pasajes de memoria de las Escrituras -- Canciones de culto contemporáneas clasificadas por capítulos -- Bibliografía anotada de las teologías sistemáticas evangélicas -- Lista maestra de teologías sistemáticas con referencias cruzadas al final de cada capítulo | |
| 563 | _aTapa dura | ||
| 650 | 0 |
_aTeología postmoderna _9504 |
|
| 942 | _cBK | ||